Statistics for Los Angeles International Airport Destinations (Los Angeles, CA, USA)

Click here to take the quiz!

General Stats

  • This quiz has been taken 94 times
  • The average score is 122 of 184

Answer Stats

AirlineDestination% Correct
American Airlines/Delta Air LinesDallas/Fort Worth
95%
Alaska Airlines/Delta Air Lines/Southwest AirlinesDallas (Love)
95%
Norse Atlantic AirwaysLondon (Gatwick)
95%
American Airlines/British Airways/Delta Air Lines/United Airlines/Virgin AtlanticLondon (Heathrow)
95%
American Airlines/Delta Air Lines/JetBlueMiami
95%
American Airlines/Delta Air Lines/JetBlueNew York (JFK)
95%
Aer LingusDublin
94%
Air France/Air Tahiti Nui/Delta Air LinesParis (Charles de Gaulle)
94%
French BeeParis (Orly)
94%
All Nippon Airways/American Airlines/Delta Air Lines/Japan Airlines/United AirlinesTokyo (Haneda)
94%
All Nippon Airways/Japan Airlines/Singapore Airlines/United Airlines/Zipair TokyoTokyo (Narita)
94%
Air Canada/American Airlines/American Eagle/Flair Airlines/United Airlines/United Express/WestJetVancouver
94%
KLMAmsterdam
92%
Condor/LufthansaFrankfurt
92%
IberiaMadrid
92%
American Airlines/Delta Connection/United Airlines/United ExpressPhoenix (Sky Harbor)
92%
Alaska Airlines/American Eagle/Delta Air Lines/JetBlue/United Airlines/United ExpressSeattle/Tacoma
92%
Air Canada/WestJetToronto (Pearson)
92%
Alaska Airlines/United AirlinesWashington (Dulles)
92%
Alaska Airlines/American Airlines/Delta Air LinesWashington (National)
92%
American Airlines/Delta Air LinesAtlanta
91%
Southwest AirlinesChicago (Midway)
91%
American Airlines/United AirlinesChicago (O'Hare)
91%
American Eagle/Delta Air Lines/Southwest Airlines/Southwest Airlines/United AirlinesDenver
91%
Southwest AirlinesHouston (Hobby)
91%
American Eagle/Delta Air Lines/United AirlinesHouston (Intercontinental)
91%
American Airlines/JetBlue/United AirlinesOrlando
91%
ITA AirwaysRome (Fiumicino)
91%
Delta Connection/United ExpressSan Diego
91%
Alaska Airlines/American Airlines/American Eagle/Delta Air Lines/JetBlue/United Airlines/United ExpressSan Francisco
91%
Delta Air Lines/Qantas/United AirlinesSydney
91%
Air New Zealand/Delta Air LInesAuckland
89%
American Airlines/Delta Air Lines/Southwest Airlines/United ExpressAustin
89%
Air ChinaBeijing (Capital)
89%
American AirlinesCharlotte
89%
EmiratesDubai (International)
89%
Alaska Airlines/American Airlines/Delta Air Lines/JetBlue/JSX/Southwest Airlines/Sun Country Airlines/United Airlines/United ExpressLas Vegas
89%
Aeromexico/American Airlines/Delta Air Lines/VivaAerobusMexico City
89%
Air Canada/Air TransatMontreal (Trudeau)
89%
Alaska Airlines/American Eagle/Delta ConnectionSan Jose (CA)
89%
Alaska Airlines/Avianca Costa Rica/Delta Air Lines/United Airlines/Volaris Costa RicaSan Jose de Costa Rica (Juan Santamaria)
89%
Alaska Airlines/American Airlines/Delta Air Lines/JetBlue/Southwest Airlines/United AirlinesSan Jose del Cabo
89%
Air Premia/Asiana Airlines/Korean AirSeoul (Incheon)
89%
Swiss International Air LinesZurich
89%
Alaska AirlinesAnchorage
88%
LevelBarcelona
88%
American Airlines/Delta Air Lines/JetBlue/United AirlinesBoston
88%
Delta Air LinesDetroit
88%
AeroflotMoscow (Sheremetyevo)
88%
LufthansaMunich
88%
Singapore AirlinesSingapore
88%
Alaska Airlines/American Airlines/Delta Air Lines/United AirlinesTampa
88%
AviancaBogota
86%
Scandinavian AirlinesCopenhagen
86%
Cathay PacificHong Kong
86%
Qantas/United AirlinesMelbourne
86%
American Airlines/Southwest AirlinesPhiladelphia
86%
Air Canada/Lynx Air/WestJetCalgary
84%
Alaska Airlines/JetBlue/Southwest Airlines/United AirlinesNewark
84%
Alaska Airlines/American Eagle/Delta Air LinesPortland (OR)
84%
United AirlinesShanghai (Pudong)
84%
LOT Polish AirlinesWarsaw (Chopin)
84%
Turkish AirlinesIstanbul
83%
LATAM Chile/LATAM PeruLima
83%
American Airlines/American Eagle/Delta Air LinesSan Antonio
83%
LATAM BrasilSao Paulo (Guarulhos)
83%
Austrian AirlinesVienna
83%
Allegiant Air/Delta Air LinesCincinnati
81%
FinnairHelsinki
81%
Alaska Airlines/American Airlines/Delta Air Lines/Hawaiian Airlines/Southwest Airlines/United AirlinesHonolulu
81%
Philippine AirlinesManila
81%
Allegiant Air/Delta Air Lines/Southwest Airlines/Sun Country AirlinesMinneapolis/St. Paul
81%
Japan AirilnesOsaka (Kansai)
81%
Norse Atlantic AirwaysOslo
81%
LATAM ChileSantiago de Chile
81%
American Airlines/Delta Air LinesIndianapolis
80%
American Eagle/Delta Air Lines/JetBlue/Southwest Airlines/United ExpressSalt Lake City
80%
Alaska Airlines/American Airlines/JetBlue/United AirlinesCancun
78%
Qatar AirwaysDoha
78%
American Airlines/Delta Air Lines/Southwest Airlines/Sun Country AirlinesNashville
78%
Breeze Airways/Delta Air Lines/Southwest AirlinesNew Orleans
78%
Southwest Airlines/United AirlinesBaltimore
77%
QantasBrisbane
77%
Flair Airlines/WestJetEdmonton
77%
China Southern AirlinesGuangzhou
77%
Delta Air Lines/Southwest AirlinesKansas City
77%
American Airlines/Southwest AirlinesSt. Louis
77%
El AlTel Aviv
77%
Aeromexico/Alaska Airlines/VivaAerobusGuadalajara
75%
Allegiant Air/Delta Air Lines/Southwest AirlinesMemphis
75%
China Airlines/EVA Air/Starlux AirlinesTaipei (Taoyuan)
75%
United AirlinesCleveland
73%
Copa AirlinesPanama City (Tocumen)
73%
Avianca El Salvador/Delta Air Lines/United Airlines/Volaris El SalvadorSan Salvador
73%
American Eagle/Southwest AirlinesEl Paso
72%
Breeze AirwaysJacksonville (FL)
72%
American Airlines/Breeze Airways/Delta Air LinesRaleigh/Durham
72%
American Eagle/Delta Air Lines/Delta Connection/United ExpressSacramento
72%
Norse Atlantic AirwaysBerlin
70%
Avianca El Salvador/Delta Air Lines/United AirlinesGuatemala City
70%
Allegiant Air/American EagleOklahoma City
70%
Sichuan AirlinesChengdu (Tianfu)
69%
Delta Connection/Southwest AirlinesOakland
69%
Southwest AirlinesPittsburgh
69%
American Eagle/Delta ConnectionTucson
69%
SaudiaJeddah
67%
XiamenAirXiamen
66%
American Eagle/Delta Connection/Southwest AirlinesAlbuquerque
64%
Alaska Airlines/American Airlines/Delta Air Lines/JetBlueFort Lauderdale
64%
United ExpressMonterey
64%
Aeromexico Connect/VivaAerobusMonterrey
64%
Allegiant Air/American EagleOmaha
63%
Alaska Airlines/Delta Connection/JetBlue/United ExpressReno/Tahoe
63%
Breeze AirwaysRichmond
63%
Air ChinaShenzhen
63%
Allegiant Air/American EagleTulsa
63%
WestJetWinnipeg
63%
Alaska Airlines/Allegiant Air/Delta Connection/United ExpressBoise
61%
Alaska Airlines/United ExpressFresno
58%
Allegiant AirLittle Rock
58%
Allegiant AirDes Moines
56%
Southwest AirlinesLouisville
56%
Fiji AirwaysNadi
56%
Air France/Air Tahiti Nui/Delta Air LinesPapeete
56%
Allegiant AirWichita
55%
Alaska Airlines/United AirlinesBelize City
53%
Breeze Airways/JetBlueCharleston (SC)
53%
Alaska Airlines/Delta ConnectionSpokane
53%
Allegiant AirBillings
52%
JetBlueBuffalo
52%
JetBlueHartford
52%
Breeze AirwaysProvidence
52%
Alaska Airlines/Allegiant Air/American Eagle/Delta Connection/United ExpressBozeman
50%
Alaska Airlines/Allegiant AirEugene
50%
Allegiant AirFargo
50%
Alaska Airlines/United AirlinesFort Myers
48%
Cayman AirwaysGrand Cayman
48%
Alaska Airlines/American Airlines/Delta Air Lines/Hawaiian Airlines/Southwest Airlines/United AirlinesKahului
48%
United ExpressPalm Springs
48%
Allegiant AirGrand Rapids
47%
Allegiant AirSioux Falls
47%
Alaska Airlines/JetBlue/United AirlinesLiberia (CR)
45%
American Airlines/Delta Air Lines/Hawaiian Airlines/United AirlinesLihue
45%
Breeze AirwaysNorfolk
45%
Alaska Airlines/American Airlines/American Eagle/Delta Air Lines/JetBlue/Southwest Airlines/United AirlinesPuerto Vallarta
45%
Alaska Airlines/Allegiant Air/American Eagle/United Airlines/United ExpressJackson Hole
44%
American Eagle/Delta Connection/United ExpressAspen
42%
Allegiant AirSpringfield/Branson
42%
American Eagle/United ExpressEagle/Vail
41%
Alaska Airlines/Allegiant Air/American Eagle/United ExpressMissoula
41%
Alaska Airlines/United ExpressRedmond/Bend
41%
American Airlines/Delta Air Lines/Hawaiian Airlines/United AirlinesKailua-Kona
39%
Allegiant AirProvo
39%
United ExpressSanta Barbara
39%
United ExpressSan Luis Obispo
38%
JSXCabo San Lucas
36%
Alaska AirlinesMedford
36%
Alaska AirlinesSanta Rosa
36%
United ExpressEureka
34%
Allegiant Air/American EagleFayetteville/Bentonville
34%
Allegiant AirIdaho Falls
34%
Allegiant AirCedar Rapids/Iowa City
33%
Allegiant AirGrand Junction
33%
United ExpressRedding
33%
Alaska Airlines/Allegiant Air/United ExpressGlacier Park/Kalispell
30%
Alaska Airlines/United ExpressIxtapa/Zihuatanejo
30%
Allegiant AirMcAllen
30%
Allegiant Air/United ExpressRapid City
30%
Allegiant AirTri-Cities (WA)
30%
United AirlinesCozumel
28%
Allegiant AirBellingham
27%
Alaska AirlinesEverett
25%
Alaska Airlines/American EagleMazatlan
25%
Allegiant Air/United ExpressMontrose
25%
Advanced AirMerced
23%
Volaris Costa RicaAguascalientes
22%
Alaska Airlines/United ExpressManzanillo
22%
United ExpressSun Valley
22%
United ExpressHayden/Steamboat Springs
20%
Alaska AirlinesLoreto
19%
Breeze AirwaysWhite Plains
16%
Southern Airways ExpressImperial/El Centro
13%
United ExpressPrescott
13%
United ExpressBishop
6%

Score Distribution

Percentile by Number Answered

Percent of People with Each Score

Your Score History

You have not taken this quiz